000 01186nam a22003377a 4500
003 CHAP
005 20220329134024.0
008 971013s1978 r 00010 d
010 _a14240
011 _a15212
035 _a19287
040 _cCHAP
090 _aTesis
100 0 0 _aGonzález Partida, Roberto.
_949268
245 _aPrueba comparativa de cuatro espaciamientos entre plantas en dos variedades de remolacha forrajera (Beta vulgaris) General Terán, N.L.
260 _aMonterrey, N.L. :
_bEl autor,
_c1978
300 _a47 h
502 _aTesis (Ing. Agrónomo Fitotecnista) -- Univ. Autónoma de Nuevo León. Fac. de Agronomía
590 _aALEPH
_b10
_c20130110
_lUCH01
_h1235
590 _aBATCH-UPD
_b10
_c20130110
_lUCH01
_h0127
590 _aBATCH-UPD
_b10
_c20130110
_lUCH01
_h2157
590 _aBATCH-UPD
_b10
_c20130410
_lUCH01
_h1505
590 _aBATCH-UPD
_b10
_c20130914
_lUCH01
_h1703
590 _aCONVERSION
_b10
_c20130109
_lUCH01
_h1309
650 1 4 _aRemolacha forrajera.
_995879
650 1 4 _aRemolacha
_xEspaciamiento.
_995860
650 1 4 _aRemolacha
_xVariedades.
_995867
901 _aBK
942 _cTESIS
949 _bBC
_cTES
_d-44821
_eTS1
_i19287
_si
999 _c14240
_d14240